000 00624nam a2200217Ia 4500
001 8583
003 GE_BSU
008 181216s||||||||xx |||||||||||||| ||und||
040 _cGE_BSU
245 _aРеферативный журнал, №11.2013.биология.
245 _bРаздел. Ботаника.
245 _cгл.ред.РАН Р.В.Петров и др.
260 _aМосква
260 _bВинити
260 _c2013
300 _a36стр.30см.
653 _aБотаника
653 _aРеферативный журнал
653 _aპერიოდიკა
942 _cCR
999 _c41899
_d41899